000 00353nam a22001457a 4500
008 210607b ||||| |||| 00| 0 eng d
020 _a9780781795944
041 _aeng
080 _25th
_a338
082 _a338
100 _a53
101 _aMEN
245 _aLeadership Roles and Management Functions in Nursing
_cBessie L.Marquis
942 _2udc
_cBK
999 _c58011
_d58011